000 00461nam a2200181Ia 4500
001 11073
005 20260306161919.0
008 260306t1978||||xx |||||||||||||| ||spa||
041 _aESP
082 _a985.004
_bM12
100 _aMacera, Pablo
_eAUT
245 0 _aVisión histórica del Perú:
_b(del paleolítico al proceso de 1968)
260 _c1978
300 _a272 páginas :
_c20 cm.
650 _aGEN
654 _aCHU
942 _cLIB
_dJUS
_fJUS
_2ddc
_n
999 _c11073
_d11073